Arundel / (Record no. 4652)
[ view plain ]
| 000 -CABECERA | |
|---|---|
| campo de control de longitud fija | 00733nam a2200217 a 4500 |
| 005 - FECHA Y HORA DE LA ÚLTIMA TRANSACCIÓN | |
| campo de control | 20240320063651.0 |
| 008 - ELEMENTOS DE LONGITUD FIJA--INFORMACIÓN GENERAL | |
| campo de control de longitud fija | 991125s1966 ea 000 0 eng u |
| 035 ## - NÚMERO DE CONTROL DEL SISTEMA | |
| Número de control de sistema | UPN01000004652 |
| 049 ## - COLECCIÓN | |
| Colección | CG |
| 050 #4 - SIGNATURA TOPOGRÁFICA DE LA BIBLIOTECA DEL CONGRESO | |
| Número de clasificación | PS3535 O176 |
| Número de documento/Ítem | A7 |
| 100 1# - ASIENTO PRINCIPAL--NOMBRE PERSONAL | |
| Nombre de persona | Roberts, Kenneth Lewis, |
| Fechas asociadas al nombre | 1885-1957 |
| 9 (RLIN) | 36406 |
| 245 10 - MENCIÓN DE TÍTULO | |
| Título | Arundel / |
| Mención de responsabilidad, etc. | Kenneth Roberts. |
| 260 ## - PUBLICACIÓN, DISTRIBUCIÓN, ETC. | |
| Lugar de publicación, distribución, etc. | Estados Unidos : |
| Nombre del editor, distribuidor, etc. | Fawcett Worl Library, |
| Fecha de publicación, distribución, etc. | 1966. |
| 300 ## - DESCRIPCIÓN FÍSICA | |
| Extensión | 494 p. |
| 500 ## - NOTA GENERAL | |
| Nota general | "America greatest historical novel" |
| 600 14 - ASIENTO SECUNDARIO DE MATERIA - NOMBRE PERSONAL | |
| Nombre de persona | ARNOLD, BENEDICT, |
| Fechas asociadas al nombre | 1741-1801 - |
| Subdivisión de forma | NOVELA |
| 9 (RLIN) | 7948 |
| 650 #4 - ASIENTO SECUNDARIO DE MATERIA - TERMINO TEMATICO | |
| Término de materia o nombre geográfico como elemento de entrada | Novela estadounidense |
| 9 (RLIN) | 4462 |
| 651 #4 - ASIENTO SECUNDARIO DE MATERIA - NOMBRE GEOGRAFICO | |
| Nombre geográfico | CANADA - |
| Subdivisión general | HISTORIA - |
| Subdivisión cronológica | 1775-1776 - |
| Subdivisión de forma | NOVELA |
| 9 (RLIN) | 5023 |
| 651 #4 - ASIENTO SECUNDARIO DE MATERIA - NOMBRE GEOGRAFICO | |
| Nombre geográfico | ESTADOS UNIDOS - |
| Subdivisión general | HISTORIA - |
| Subdivisión cronológica | REVOLUCION, 1775-1783 - |
| Subdivisión de forma | NOVELA |
| 9 (RLIN) | 23770 |
| 905 ## - TIPO DE MATERIAL | |
| Tipo de material | Libro |
| Estado de retiro | Estado de pérdida | Fuente del sistema de clasificación o colocación | Estado dañado | No para préstamo | Código de colección | Localización permanente | Ubicación/localización actual | Ubicación en estantería | Total de préstamos | Clasificación | Código de barras | Fecha visto por última vez | Número de copia | Tipo de ítem Koha |
|---|---|---|---|---|---|---|---|---|---|---|---|---|---|---|
| Library of Congress Classification | Colección General | Bib. Gregorio Torres Quintero | Bib. Gregorio Torres Quintero | Planta baja | 1 | PS3535 O176 A7 | 44982 | 31/12/2020 | 1 | Libro |
